000 00914cas a2200157 4500
008 161121n eng u
022 _a14716844
035 _a(Sirsi) a198627
050 _ahttps://www.cambridge.org/core/journals/classical-quarterly
245 _aThe Classical Quarterly
260 _aCambridge
310 _aRegular
362 _aVol.1, No.1, 1907-Vol.66, No.1, 2016
520 _aThe Classical Quarterly has a reputation for publishing the highest quality classical scholarship for nearly 100 years. It publishes research papers and short notes in the fields of language, literature, history and philosophy. Two substantial issues (around 300 pages each) of The Classical Quarterly appear each year, in May and December. Given the quality and depth of the articles published in The Classical Quarterly, any serious classical library needs to have a copy on its shelves.
650 _aClassical
999 _c5217
_d5217